Welcome to CU Library Online Public Access Catalogue (OPAC)

Project management; (Record no. 4787)

MARC details
000 -LEADER
fixed length control field 00443nam a22001457a 4500
005 - DATE AND TIME OF LATEST TRANSACTION
control field 20250314114804.0
008 - FIXED-LENGTH DATA ELEMENTS--GENERAL INFORMATION
fixed length control field 250314b |||||||| |||| 00| 0 eng d
050 ## - LIBRARY OF CONGRESS CALL NUMBER
Classification number HD69
Item number P75 KER
245 ## - TITLE STATEMENT
Title Project management;
Remainder of title a systems approach scheduling and controlling
Statement of responsibility, etc. edited by Harold Kerzner
250 ## - EDITION STATEMENT
Edition statement 2nd
260 ## - PUBLICATION, DISTRIBUTION, ETC.
Place of publication, distribution, etc. New Delhi
Name of publisher, distributor, etc. CBS Publishers ND Distributors
Date of publication, distribution, etc. c1984
300 ## - PHYSICAL DESCRIPTION
Extent xvi, 928p
700 ## - ADDED ENTRY--PERSONAL NAME
Personal name Harold Kerzner
942 ## - ADDED ENTRY ELEMENTS (KOHA)
Source of classification or shelving scheme Library of Congress Classification
Koha item type Books
Suppress in OPAC No
999 ## -
-- 4787
-- 4787
Holdings
Withdrawn status Lost status Source of classification or shelving scheme Damaged status Not for loan Collection Home library Current library Shelving location Date acquired Total checkouts Full call number Barcode Date last seen Copy number Price effective from Koha item type
    Library of Congress Classification     Non-fiction Undergraduate Library (Christ Temple) Undergraduate Library (Christ Temple) General stacks 03/14/2025   HD69P75 KER ulct00001724 03/14/2025 1 03/14/2025 Books
    Library of Congress Classification     Non-fiction Undergraduate Library (Christ Temple) Undergraduate Library (Christ Temple) General stacks 03/14/2025   HD69.P75 KER ulct00001725 03/14/2025 1 03/14/2025 Books
© 2023-2024 Copyright: Central University Libraries. All Rights Reserved | Created by: Mahone Tech Office